00631 2200229 4500001002100000005001700021008004100038020001800079035002400097040001200121041000800133082001200141084001500153245008000168250001100248260002900259300004000288600000900328650003000337990001700367990001700384YOGYA-0113000000162520170118140201.0 ind  a978-781-618-4 0010-011300000001625 aYOPDYOG aInd a297.122 a97.122 Bes aTHE best stories of Qur an : Kisah-kisah teladan Al-Qur an untuk anakcKiki aCet. 1 aJakartabErlanggac2006. a225 hlm. :bilus. ;c25 cm. (2 eks) aKiki aAl-Qur an - Cerita-cerita a376-RBM/B.12 a377-RBM/B.12